Normal view MARC view
  • Family festivals

Entry Topical Term

Number of records used in: 1

001 - CONTROL NUMBER

  • control field: 104845

003 - CONTROL NUMBER IDENTIFIER

  • control field: NUST

005 - DATE AND TIME OF LATEST TRANSACTION

  • control field: 20221214143109.0

008 - FIXED-LENGTH DATA ELEMENTS

  • fixed length control field: 221214|| aca||aabn | a|a d

040 ## - CATALOGING SOURCE

  • Original cataloging agency: NUST
  • Transcribing agency: NUST

150 ## - HEADING--TOPICAL TERM

  • Topical term or geographic name entry element: Family festivals
  • Geographic subdivision: United States

670 ## - SOURCE DATA FOUND

  • Source citation: Work cat.: (NUST)184658: Doherty, William J. 104844, The intentional family :, c1997.
© 2023 Central Library, National University of Sciences and Technology. All Rights Reserved.